| 000 | nam a22 7a 4500 | ||
|---|---|---|---|
| 999 |
_c1358 _d1358 |
||
| 005 | 20170509114546.0 | ||
| 008 | 170509b1987 ny ||||| |||| 00| 0 eng d | ||
| 040 | _aAKMAL | ||
| 082 | _a302.23 BRA | ||
| 090 |
_a302.23 _bBRA |
||
| 100 | 1 |
_aBrand, Stewart _92665 |
|
| 245 | 1 | 4 |
_aThe Media Lab : _binventing the future at MIT / _cStewart Brand |
| 260 |
_aNew York, N.Y. : _bViking, _c1987 |
||
| 300 | _ccm | ||
| 500 | _aIncludes index | ||
| 504 | _aBibliography: p. [265]-267 | ||
| 610 | 2 | 0 |
_aMassachusetts Institute of Technology _bMedia Laboratory _92666 |
| 942 |
_2ddc _cBOOK |
||